000 00509cam a2200217 4500
001 B2628
008 090401t1987 xxu||||| |||| 00| 0 eng d
035 _a(Sirsi) u51229
041 _aeng
050 _a333.337
110 _aDron and Wright
_91943
245 _aRent & rates review 1987
260 _aLondon
_bDron and Wright
_c1987
300 _a9 leaves ; 30cm.
350 _a5
520 _aPhotocopy.
650 _aINDUSTRIAL PROPERTY
650 _aOFFICES
942 _n0
948 _c04/03/1997
999 _c92842
_d92842